000 00662nam a2200253Ia 4500
003 OSt
005 20221007110947.0
006 a|||||r|||| 00| 0
007 ta
008 221006b |||||||| |||| 00| 0 eng d
020 _a8189479296
024 _a22,270
037 _cTextual
040 _aLCO
_cLCO
_beng
041 _2eng
_aeng
082 _aZ2,5, P8
100 _aSakhrani Monica
_9708122
245 0 _aCitizens' Guide to Criminal Law
260 _aNew
_bDelhi Humand Right Law Network India
_c2008
300 _a258
650 _aCRIMINAL LAW
_9601958
942 _hZ2,5, P8
_cTEXL
999 _c1191833
_d1191833